000 00626nam a2200253Ia 4500
005 20260121160955.0
008 008 260114s9999 xx 000 0 eng d
020 _a9781351191999
037 _aEBOOK
040 _aCRL
040 _beng
040 _cCRL
041 _2eng
041 _aeng
084 _qCRL
100 _a John Walker
_91038629
245 4 _aThe Present Word. Culture, Society and the Site of Literature
260 _bTaylor and Francis
260 _c2013
856 _uhttp://www.taylorfrancis.com/books/9781351191999
942 _cEBOOK
999 _c1605445
_d1605445